Statistiques concernant Grille de mots #6

Cliquez ici pour prendre le quiz!

Statistiques générales

  • Ce quiz a été pris 179 fois
  • Le résultat moyen est 72 sur 83

Statistiques - réponses

Place de la lettreRéponses% Correct
3 IC
97%
3 JR
97%
3 EA
96%
3 GE
96%
3 FI
96%
3 DT
96%
8 GA
93%
8 IE
93%
8 FR
93%
8 HR
93%
8 JS
93%
10 IC
91%
7 HE
91%
8 CE
91%
10 JE
91%
3 AM
91%
3 BN
91%
10 GE
90%
1 CC
89%
8 DE
89%
9 HE
89%
6 DL
89%
6 HM
89%
10 EO
89%
10 DR
89%
10 FS
89%
6 ET
89%
5 JI
88%
9 AO
88%
7 FT
88%
10 BU
88%
10 AN
87%
5 IS
87%
2 CS
87%
9 IT
86%
1 BE
85%
9 FE
85%
1 II
85%
7 CI
85%
7 DL
85%
9 BP
85%
7 AT
85%
7 GT
85%
4 DU
85%
5 DE
84%
1 JE
84%
7 EE
84%
6 GE
84%
2 FE
84%
1 FL
84%
1 AN
84%
7 BO
84%
4 ER
84%
1 DR
84%
9 JS
84%
6 JT
84%
9 ED
83%
6 IE
83%
2 HE
83%
1 HG
83%
2 BI
83%
2 DI
83%
4 II
83%
4 AI
83%
8 AI
83%
9 GM
83%
2 IN
83%
5 AN
83%
1 GO
83%
2 AO
83%
1 EO
83%
2 JT
83%
4 GT
83%
6 AA
82%
7 JE
82%
5 EI
82%
4 JO
82%
4 HR
82%
5 BE
81%
2 GM
81%
2 EV
81%
5 CR
80%
5 FS
79%

Distribution des résultats

Percentile par nombre de réponses

% des personnes avec chaque résultat

Votre développement - résultats

Vous n’avez pas pris ce quiz